| 000 | 00838nam a2200229Ia 4500 | ||
|---|---|---|---|
| 008 | 191130s1991##################000#0#eng## | ||
| 020 | _a9780521575690 | ||
| 022 | _a91000149 | ||
| 040 |
_aACL _cACL |
||
| 082 | _a320.01 ANS | ||
| 100 | _aAnsell-Pearson, Keith | ||
| 245 |
_aNietzsche contra Rousseau : a study of Nietzsche's moral and political thought _cKeith Ansell-Pearson |
||
| 260 |
_aCambridge _bCambridge University Press _cc1991 |
||
| 300 | _axvii, 284 p. ; 24 cm | ||
| 500 | _aIncludes bibliographical references (p. 267-277) and index | ||
| 650 | _aNietzsche, Friedrich Wilhelm, 1844-1900 - Ethics | ||
| 650 | _aNietzsche, Friedrich Wilhelm, 1844-1900 - Political and social views | ||
| 650 | _aRousseau, Jean-Jacques, 1712-1778 | ||
| 990 | _a813e79d8ac10000c4c8324fcd52202e5 | ||
| 991 | _a195394 | ||
| 999 |
_c22146 _d22146 |
||